ECONOMICS-CBSE QUESTION BANK-XII (Record no. 8529)
[ view plain ]
| 000 -LEADER | |
|---|---|
| fixed length control field | 00350nam a22001337a 4500 |
| 082 ## - DEWEY DECIMAL CLASSIFICATION NUMBER | |
| Classification number | 330 |
| Item number | OSW/E |
| 100 ## - MAIN ENTRY--AUTHOR NAME | |
| Personal name | OSWAAL |
| 245 ## - TITLE STATEMENT | |
| Title | ECONOMICS-CBSE QUESTION BANK-XII |
| 246 ## - VARYING FORM OF TITLE | |
| Title proper/short title | ECONOMICS-CBSE QUESTION BANK-XII |
| Remainder of title | ECONOMICS-CBSE QUESTION BANK-XII |
| 260 ## - PUBLICATION, DISTRIBUTION, ETC. (IMPRINT) | |
| Place of publication | INDIA |
| Name of publisher | OSWAAL PUBLICATIONS |
| Year of publication | 2023 |
| 300 ## - PHYSICAL DESCRIPTION | |
| Number of Pages | 256 |
| 520 ## - SUMMARY, ETC. | |
| Summary, etc | ECONOMICS |
| 942 ## - ADDED ENTRY ELEMENTS (KOHA) | |
| Koha item type | Books |
| Withdrawn status | Lost status | Collection code | Home library | Current library | Shelving location | Date acquired | Source of acquisition | Cost, normal purchase price | Full call number | Accession Number | Koha item type |
|---|---|---|---|---|---|---|---|---|---|---|---|
| Reference | Main Library | Main Library | NEW SHELF WITH NEW ENTRY | 26/02/2024 | PURCHASED | 499.00 | 330 OSW/E | 13537 | Books |